Les Champions d'un tournois majeur de golf - Statistiques

Statistiques générales
  • Ce quiz a été pris 158 fois
  • Le résultat moyen est 46 sur 76
Statistiques - réponses
Hint The Masters | US PGA | US Open | The Open % Correct
1999 José Maria Olazábal |Tiger Woods | Payne Stewart | Paul Lawrie
100%
2006 Phil Mickelson |Tiger Woods | Geoff Ogilvy | Tiger Woods
100%
2019 Tiger Woods |Brooks Koepka | Gary Woodland | Shane Lowry
100%
2001 Tiger Woods |David Toms | Retief Goosen | David Duval
100%
1997 Tiger Woods |Davis Love III | Ernie Els | Justin Leonard
100%
2005 Tiger Woods |Phil Mickelson | Michael Campbell | Tiger Woods
100%
2002 Tiger Woods |Rich Beem | Tiger Woods | Ernie Els
100%
2008 Trevor Immelman |Padraig Harrington | Tiger Woods | Padraig Harrington
100%
2000 Vijay Singh |Tiger Woods | Tiger Woods | Tiger Woods
100%
2007 Zach Johnson |Tiger Woods | Ángel Cabrera | Padraig Harrington
100%
2025 Rory McIlroy | Scottie Scheffler | J.J. Spaun Scottie | Scheffler
89%
2024 Scottie Scheffler |Xander Schauffele | Bryson DeChambeau | Xander Schauffele
84%
2012 Bubba Watson |Rory McIlroy | Webb Simpson | Ernie Els
83%
2022 Scottie Scheffler |Justin Thomas | Matthew Fitzpatrick | Cameron Smith
83%
2013 Adam Scott |Jason Dufner | Justin Rose | Phil Mickelson
81%
2014 Bubba Watson |Rory McIlroy | Martin Kaymer | Rory McIlroy
81%
2021 Hideki Matsuyama |Phil Mickelson | Jon Rahm | Collin Morikawa
78%
2023 Jon Rahm |Brooks Koepka | Wyndham Clark | Brian Harman
77%
2017 Sergio Garcia |Justin Thomas | Brooks Koepka | Jordan Spieth
77%
2011 Charl Schwartzel |Keegan Bradley | Rory McIlroy | Darren Clarke
74%
1980 Seve Ballesteros |Jack Nicklaus | Jack Nicklaus | Tom Watson
74%
1975 Jack Nicklaus |Jack Nicklaus | Lou Graham | Tom Watson
73%
2004 Phil Mickelson |Vijay Singh | Retief Goosen | Todd Hamilton
73%
1962 Arnold Palmer |Gary Player | Jack Nicklaus | Arnold Palmer
72%
1978 Gary Player |John Mahaffey | Andy North | Jack Nicklaus
72%
1986 Jack Nicklaus |Bob Tway | Ray Floyd | Greg Norman
72%
1965 Jack Nicklaus |Dave Marr | Gary Player | Peter Thomson
72%
1972 Jack Nicklaus |Gary Player | Jack Nicklaus | Lee Trevino
72%
1970 Billy Casper |Dave Stockton | Tony Jacklin | Jack Nicklaus
71%
1971 Charles Coody |Jack Nicklaus | Lee Trevino | Lee Trevino
71%
1967 Gay Brewer |Don January | Jack Nicklaus | Roberto DeVicenzo
71%
1966 Jack Nicklaus |Al Geiberger | Billy Casper | Jack Nicklaus
71%
1963 Jack Nicklaus |Jack Nicklaus | Julius Boros | Bob Charles
71%
1973 Tommy Aaron |Jack Nicklaus | Johnny Miller | Tom Weiskopf
71%
2010 Phil Mickelson |Martin Kaymer | Graeme McDowell | Louis Oosthuizen
69%
2020 Dustin Johnson |Collin Morikawa | Bryson DeChambeau | non organisé*
68%
2015 Jordan Spieth |Jason Day | Jordan Spieth | Zach Johnson
66%
1983 Seve Ballesteros |Hal Sutton | Larry Nelson | Tom Watson
64%
1961 Gary Player |Jerry Barber | Gene Littler | Arnold Palmer
63%
2018 Patrick Reed |Brooks Koepka | Brooks Koepka | Francesco Molinari
60%
1984 Ben Crenshaw |Lee Trevino | Fuzzy Zoeller | Seve Ballesteros
56%
1968 Bob Goalby |Julius Boros | Lee Trevino | Gary Player
55%
1974 Gary Player |Lee Trevino | Hale Irwin | Gary Player
55%
1988 Sandy Lyle |Jeff Sluman | Curtis Strange | Seve Ballesteros
54%
1959 Art Wall Jr. |Bob Rosburg | Billy Casper | Gary Player
53%
1979 Fuzzy Zoeller |David Graham | Hale Irwin | Seve Ballesteros
53%
1982 Craig Stadler |Ray Floyd | Tom Watson | Tom Watson
52%
1994 José Maria Olazábal |Nick Price | Ernie Els | Nick Price
52%
1981 Tom Watson |Larry Nelson | David Graham | Bill Rogers
51%
2016 Danny Willett |Jimmy Walker | Dustin Johnson | Henrik Stenson
50%
1977 Tom Watson |Lanny Wadkins | Hubert Green | Tom Watson
49%
1958 Arnold Palmer |Dow Finsterwald | Tommy Bolt | Peter Thomson
48%
1960 Arnold Palmer |Jay Hebert | Arnold Palmer | Kel Nagle
48%
1964 Arnold Palmer |Bobby Nichols | Ken Venturi | Tony Lema
47%
1996 Nick Faldo |Mark Brooks | Steve Jones | Tom Lehman
43%
1992 Fred Couples |Nick Price | Tom Kite | Nick Faldo
40%
1989 Nick Faldo |Payne Stewart | Curtis Strange | Mark Calcavecchia
40%
1987 Larry Mize |Larry Nelson | Scott Simpson | Nick Faldo
38%
1951 Ben Hogan |Sam Snead | Ben Hogan | Max Faulkner
36%
1998 Mark O'Meara |Vijay Singh | Lee Janzen | Mark O'Meara
36%
1990 Nick Faldo |Wayne Grady | Hale Irwin | Nick Faldo
35%
1991 Ian Woosnam |John Daly | Payne Stewart | Ian Baker-Finch
34%
1993 Bernhard Langer |Paul Azinger | Lee Janzen | Greg Norman
32%
1954 Sam Snead |Chick Harbert | Ed Furgol | Peter Thomson
32%
1953 Ben Hogan |Walter Burkemo | Ben Hogan | Ben Hogan
30%
1950 Jimmy Demaret |Chandler Harper | Ben Hogan | Bobby Locke
30%
1952 Sam Snead |Jim Turnesa | Julius Boros | Bobby Locke
30%
1985 Bernhard Langer |Hubert Green | Andy North | Sandy Lyle
28%
1956 Jack Burke |Jack Burke | Cary Middlecoff | Peter Thomson
25%
1955 Cary Middlecoff |Doug Ford | Jack Fleck | Peter Thomson
24%
1995 Ben Crenshaw |Steve Elkington | Corey Pavin | John Daly
23%
1976 Ray Floyd |Dave Stockton | Jerry Pate | Johnny Miller
21%
1969 George Archer |Ray Floyd | Orville Moody | Tony Jacklin
19%
2009 Ángel Cabrera |Yong-Eun Yang | Lucas Glover | Stewart Cink
16%
1957 Doug Ford |Lionel Hebert | Dick Mayer | Bobby Locke
16%
2003 Mike Weir |Shaun Micheel | Jim Furyk | Ben Curtis
10%
Aucun quiz correspondant
Distribution des résultats
% des personnes avec chaque résultat
Percentile par nombre de réponses
Votre historique - résultats
Vous n’avez pas pris ce quiz